Normal view
MARC view
Entry Personal Name
001 - CONTROL NUMBER
- control field: 48520
003 - CONTROL NUMBER IDENTIFIER
- control field: dpl
005 - DATE AND TIME OF LATEST TRANSACTION
- control field: 20120606131610.0
008 - FIXED-LENGTH DATA ELEMENTS
- fixed length control field: 120606|||a|||||| | ||| d
040 ## - CATALOGING SOURCE
- Original cataloging agency: dpl
- Transcribing agency: dpl
100 ## - HEADING--PERSONAL NAME
- Personal name: सरीन, एन.
670 ## - SOURCE DATA FOUND
- Source citation: Work cat.: (dpl): सरीन, एन., योग द्वारा रोगों का उपचार /, 2003
670 ## - SOURCE DATA FOUND
- Source citation: Work cat.: (dpl): सरीन, एन., योग द्वारा रोगों का उपचार /, 2003
